000 01067naa a2200265 c 4500
001 36640
003 ES-MaCES
005 20060711103400.0
008 060607n2006 sp t ||0 | spa d
035 _aCES20060009087v
040 _aES-MaCES
_bspa
_cES-MaCES
100 1 _aGarcía Ninet, José Ignacio
_913001
245 1 4 _aDel debido respeto a las distintas opciones sexuales frente a despidos pretendidamente justificados en causas laborales, nimias o no probadas. Aviso para navegantes
_cJosé Ignacio García Ninet
500 _aResumen
650 4 _aderechos de los trabajadores
_929924
650 4 _aigualdad de oportunidades en el empleo
_930649
650 4 _adespido injustificado
_929844
650 4 _adiscriminación por razones de sexo
_929521
650 4 _aorientación sexual
_930741
653 1 0 _aRelaciones laborales-Empleo
773 0 _tTribuna social
_gn. 184 (abr. 2006){10448 R. 064415}; p. 5-14
_w(ES-MaCES)25455
_959538
902 _aART Artículo de revista
942 _2CES
_cAR
_h2.0.
999 _c36640
_d36640